000 00313nam a2200121 4500
999 _c8268
_d8268
003 OSt
005 20201008162856.0
008 201008b ||||| |||| 00| 0 eng d
020 _a9781564966216
082 _a741.64
_bSOL
245 _aThe society of publication designers 34th publication design annual
942 _2ddc